The lawyer online

Detalles Bibliográficos
Formato: Electrónico Revista
Lenguaje:inglés
Publicado: London : Centaur Communications
Materias:
Acceso en línea:Full text available from Research Library: 10/05/2010 to 12/29/2017

MARC

LEADER 00000nas a2200000 a 4500
001 ssj0000914741
003 WaSeSS
005 20200512172242.0
006 m d
007 cr n
008 120521c20uu9999enkd| p|s|||||| |0eng d
035 |a (WaSeSS)ssj0000914741 
040 |a WaSeSS  |c WaSeSS  |d WaSeSS 
043 |a e-uk--- 
050 4 |a K12 
245 0 4 |a The lawyer online  |h [electronic resource]. 
260 |a London :  |b Centaur Communications 
310 |a Daily 
506 |a License restrictions may limit access. 
588 |a Description based on: July 1, 2010, Gale document number A237295988; title from title screen (BUSINESS ECONOMICS & THEORY collection, viewed May 4, 2012). 
588 |a Latest issue consulted: May 1, 2012, Gale document number A288314654 (viewed May 4, 2012). 
650 0 |a Law  |z Great Britain  |v Periodicals. 
655 0 |a Electronic journals. 
856 4 0 |z Full text available from Research Library: 10/05/2010 to 12/29/2017  |u https://search.proquest.com/publication/406362